Electromagnetics:with applications (Record no. 690)

MARC details
000 -LEADER
Fixed length control field 00529nam a2200193 4500
003 - CONTROL NUMBER IDENTIFIER
Control field SEACOMEC
005 - DATE AND TIME OF LATEST TRANSACTION
Control field 20240224113655.0
008 - FIXED-LENGTH DATA ELEMENTS--GENERAL INFORMATION
Fixed length control field 240224b |||||||| |||| 00| 0 eng d
020 ## - INTERNATIONAL STANDARD BOOK NUMBER / ISBN
Price $7.00
040 ## - CATALOGING SOURCE
Original cataloging agency SEACOMEC
082 ## - DEWEY DECIMAL CLASSIFICATION NUMBER
Classification number 530.141
Book Number K91
100 ## - MAIN ENTRY--PERSONAL NAME
Personal name Kraus,John D.
245 1# - TITLE STATEMENT
Title Electromagnetics:with applications
Statement of responsibility John D. Klaus,Daniel A. Fleischer
250 ## - EDITION STATEMENT
Edition statement 5th ed.
260 ## - IMPRINT
Place of publication Singapore
Name of publisher McGraw Hill
Date of publication 1999
650 ## - SUBJECT ADDED ENTRY--TOPICAL TERM
Topical term Natural sciences,Field and wave theories
700 ## - ADDED ENTRY--PERSONAL NAME
Personal name Fleischer,Daniel A.
942 ## - ADDED ENTRY ELEMENTS (KOHA)
Koha item type Books
Holdings
Withdrawn status Lost status Source of classification Damaged status Not for loan Home library Current library Date acquired Total Checkouts Call number Accession number Date last seen Copy number Price effective from Koha item type
    Dewey Decimal Classification     SEACOM ENGINEERING COLLEGE SEACOM ENGINEERING COLLEGE 09/06/2006   530.141 K91 02958 24/02/2024 10 24/02/2024 Books
    Dewey Decimal Classification     SEACOM ENGINEERING COLLEGE SEACOM ENGINEERING COLLEGE 09/06/2006   530.141 K91 02959 24/02/2024 11 24/02/2024 Books
    Dewey Decimal Classification     SEACOM ENGINEERING COLLEGE SEACOM ENGINEERING COLLEGE 09/06/2006   530.141 K91 02960 24/02/2024 12 24/02/2024 Books
    Dewey Decimal Classification     SEACOM ENGINEERING COLLEGE SEACOM ENGINEERING COLLEGE 09/06/2006   530.141 K91 02961 24/02/2024 13 24/02/2024 Books
    Dewey Decimal Classification     SEACOM ENGINEERING COLLEGE SEACOM ENGINEERING COLLEGE 09/06/2006   530.141 K91 02962 24/02/2024 14 24/02/2024 Books
    Dewey Decimal Classification     SEACOM ENGINEERING COLLEGE SEACOM ENGINEERING COLLEGE 09/06/2006   530.141 K91 02963 24/02/2024 15 24/02/2024 Books
    Dewey Decimal Classification     SEACOM ENGINEERING COLLEGE SEACOM ENGINEERING COLLEGE 09/06/2006   530.141 K91 02964 24/02/2024 16 24/02/2024 Books
    Dewey Decimal Classification     SEACOM ENGINEERING COLLEGE SEACOM ENGINEERING COLLEGE 09/06/2006   530.141 K91 02965 24/02/2024 17 24/02/2024 Books
    Dewey Decimal Classification     SEACOM ENGINEERING COLLEGE SEACOM ENGINEERING COLLEGE 09/06/2006   530.141 K91 02966 24/02/2024 18 24/02/2024 Books
    Dewey Decimal Classification     SEACOM ENGINEERING COLLEGE SEACOM ENGINEERING COLLEGE 09/06/2006   530.141 K91 02967 24/02/2024 19 24/02/2024 Books
© Seacom Engineering College, All rights reserved.      Powered by Koha